Computadoras y procesamiento de datos /

Guardado en:
Autor Principal: Villanueva-Lara, Julio E.
Formato: Libro
Idioma:Spanish
Publicado: Washington, D.C. : Secretaría General de la Organización de los Estados Americanos, Programa Regional de Desarrollo Científico y Tecnológico, 1987.
Series:Colección de monografías científicas. Serie de matemática ; monografía no. 28
Materias:
Etiquetas: Agregar Etiqueta
Sin Etiquetas, Sea el primero en etiquetar este registro!
LEADER 00899nam a2200229 a 4500
001 MAT.inmabb006318
008 880622s1987####dcua#####b###i000#0#spa##
005 20100428143642.0
245 1 0 |a Computadoras y procesamiento de datos /  |c por Julio E. Villanueva-Lara. 
260 |a Washington, D.C. :  |b Secretaría General de la Organización de los Estados Americanos, Programa Regional de Desarrollo Científico y Tecnológico,  |c 1987. 
300 |a ix, 158 p. :  |b il. ;  |c 23 cm. 
440 0 |a Colección de monografías científicas.  |p Serie de matemática ;  |v monografía no. 28 
504 |a Bibliografía: p. 153-154. 
510 4 |a MR,  |c *REVIEW #* 
020 |a 0827026374 :  |c $3.50 
100 1 |a Villanueva-Lara, Julio E. 
650 0 |a Computers. 
650 0 |a Electronic data processing. 
084 |a *CODIGO*  |2 MR 
010 |a  88152937  
040 |a DLC  |c DLC  |d DLC 
859 |i M-28  |p OEA-M-28  |b BIB. MATEMATICA